[Event "Deutsche Ländermeisterschaft 2016"]
[Site "Hannover GER"]
[Date "2016.10.03"]
[Round "5"]
[White "Zienert, Richard"]
[Black "Keller, Peter"]
[Result "1/2-1/2"]
[Termination "normal"]
[Board "1.2"]
[BlackTitle "FM"]
[WhiteElo "2182"]
[BlackElo "2240"]
[WhiteClock "00:19:54"]
[BlackClock "00:38:06"]
[WhiteTeam "Sachsen"]
[BlackTeam "Hessen"]
[PlyCount "91"]
[WhiteFideId "12945986"]
[BlackFideId "1272105"]
[EventCountry "GER"]
[EventRounds "7"]
[EventType "team-swiss"]
[EventDate "2016.09.30"]

1. e4 e5 2. Nf3 Nc6 3. Bb5 Nf6 4. O-O Nxe4 5. d4 Nd6 6. Bxc6 dxc6 7. dxe5 Nf5
8. Qxd8+ Kxd8 9. Nc3 Bd7 10. h3 b6 11. Ne4 h6 12. b3 Kc8 13. Bb2 c5 14. Rad1 a5
15. Rd2 Be6 16. Rfd1 Be7 17. g4 Nh4 18. Nxh4 Bxh4 19. f4 g6 20. Rf1 Rg8 21. Kh2
Bd7 22. g5 hxg5 23. Nf6 Rd8 24. Rfd1 gxf4 25. Nxd7 f3 26. Nf6 Rxd2+ 27. Rxd2 a4
28. Ne4 axb3 29. axb3 Be1 30. Rd1 f2 31. Kg2 Ra2 32. Rb1 c4 33. bxc4 Ra4 34.
Nxf2 Bxf2 35. Kxf2 Rxc4 36. c3 Rh4 37. Rh1 Kd7 38. Kg3 Re4 39. Rf1 Ke7 40. c4
Rxc4 41. Rc1 Rxc1 42. Bxc1 Ke6 43. Kf4 Kd5 44. Kg5 Ke6 45. Be3 c5 46. Kf4
1/2-1/2

[Event "Deutsche Ländermeisterschaft 2016"]
[Site "Hannover GER"]
[Date "2016.10.03"]
[Round "5"]
[White "Nothnagel, Marian Can"]
[Black "Wong, Gengchun"]
[Result "1-0"]
[Termination "normal"]
[Board "1.3"]
[WhiteElo "1991"]
[BlackElo "2069"]
[WhiteClock "01:31:24"]
[BlackClock "00:56:15"]
[WhiteTeam "Hessen"]
[BlackTeam "Sachsen"]
[PlyCount "33"]
[WhiteFideId "12921530"]
[BlackFideId "12963283"]
[EventCountry "GER"]
[EventRounds "7"]
[EventType "team-swiss"]
[EventDate "2016.09.30"]

1. e4 c5 2. d4 cxd4 3. c3 dxc3 4. Nxc3 Nc6 5. Nf3 e6 6. Bc4 Qc7 7. O-O Nf6 8.
Nb5 Qb8 9. e5 Nxe5 10. Nxe5 Qxe5 11. Re1 Qc5 12. Bf1 a6 13. Be3 Qc6 14. Na7 Qd6
15. Rc1 Kd8 16. Qc2 Ng4 17. Qxc8+ 1-0

[Event "Deutsche Ländermeisterschaft 2016"]
[Site "Hannover GER"]
[Date "2016.10.03"]
[Round "5"]
[White "Nguyen, Alex Dac-Vuong"]
[Black "Stork, Oliver"]
[Result "1/2-1/2"]
[Termination "normal"]
[Board "1.4"]
[WhiteElo "2160"]
[BlackElo "2056"]
[WhiteClock "00:53:01"]
[BlackClock "00:01:34"]
[WhiteTeam "Sachsen"]
[BlackTeam "Hessen"]
[PlyCount "80"]
[WhiteFideId "12984388"]
[BlackFideId "12955728"]
[EventCountry "GER"]
[EventRounds "7"]
[EventType "team-swiss"]
[EventDate "2016.09.30"]

1. e4 c6 2. d4 d5 3. Nc3 dxe4 4. Nxe4 Bf5 5. Ng3 Bg6 6. h4 h6 7. Nh3 e6 8. Nf4
Bh7 9. Bc4 Nf6 10. O-O Bd6 11. Re1 O-O 12. c3 Qc7 13. Qf3 Nbd7 14. Nfh5 Qd8 15.
Bf4 Bxf4 16. Nxf4 Nd5 17. h5 N7f6 18. Rad1 Qc7 19. Nd3 Rac8 20. Bb3 Rfd8 21. a4
Ne7 22. Nc5 b6 23. Nce4 Nfd5 24. c4 Nb4 25. Nc3 c5 26. Nb5 Qb8 27. d5 Nf5 28.
dxe6 fxe6 29. Rxe6 Rxd1+ 30. Bxd1 Rf8 31. Qc3 Nxg3 32. fxg3 Bd3 33. Kh2 Rf2 34.
Re7 Qf8 35. Qe5 Rxg2+ 36. Kxg2 Qf1+ 37. Kh2 Qf2+ 38. Kh3 Qf1+ 39. Kg4 Qxd1+ 40.
Kf4 Qf1+ 1/2-1/2

[Event "Deutsche Ländermeisterschaft 2016"]
[Site "Hannover GER"]
[Date "2016.10.03"]
[Round "5"]
[White "Krastev, Alexander"]
[Black "Simon, Tessa"]
[Result "1/2-1/2"]
[Termination "normal"]
[Board "1.5"]
[WhiteElo "1937"]
[BlackElo "1913"]
[WhiteClock "00:43:01"]
[BlackClock "00:04:02"]
[WhiteTeam "Hessen"]
[BlackTeam "Sachsen"]
[PlyCount "80"]
[WhiteFideId "12989983"]
[BlackFideId "12929395"]
[EventCountry "GER"]
[EventRounds "7"]
[EventType "team-swiss"]
[EventDate "2016.09.30"]

1. e4 e5 2. Nc3 Nc6 3. Bc4 Nf6 4. d3 Bc5 5. f4 exf4 6. Nf3 d6 7. Bxf4 Nd4 8. h3
O-O 9. Nxd4 Bxd4 10. Qd2 c6 11. O-O-O b5 12. Bb3 a5 13. Ne2 Bxb2+ 14. Kxb2 a4
15. Bg5 axb3 16. axb3 Qe7 17. Rhf1 d5 18. Bxf6 Qa3+ 19. Kb1 gxf6 20. Qc3 Qa2+
21. Kc1 Qa1+ 22. Qxa1 Rxa1+ 23. Kb2 Rxd1 24. Rxd1 Re8 25. Ng3 Re5 26. h4 Kg7
27. Ra1 dxe4 28. dxe4 f5 29. exf5 Bxf5 30. Nxf5+ Rxf5 31. g3 Rf3 32. Ra6 c5 33.
Ra5 Rxg3 34. Rxb5 Rh3 35. Rxc5 Rxh4 36. c3 h5 37. b4 Kg6 38. b5 Re4 39. Rc8 h4
40. Kc2 h3 1/2-1/2

[Event "Deutsche Ländermeisterschaft 2016"]
[Site "Hannover GER"]
[Date "2016.10.03"]
[Round "5"]
[White "Burian, Simon"]
[Black "Reinecke, Katharina"]
[Result "1/2-1/2"]
[Termination "normal"]
[Board "1.6"]
[WhiteElo "1802"]
[BlackElo "1816"]
[WhiteClock "00:37:49"]
[BlackClock "00:06:31"]
[WhiteTeam "Sachsen"]
[BlackTeam "Hessen"]
[PlyCount "54"]
[WhiteFideId "12956902"]
[BlackFideId "12929727"]
[EventCountry "GER"]
[EventRounds "7"]
[EventType "team-swiss"]
[EventDate "2016.09.30"]

1. e4 c6 2. d4 d5 3. exd5 cxd5 4. c4 Nf6 5. Nc3 e6 6. c5 Be7 7. Qc2 b6 8. b4
O-O 9. Nf3 Nc6 10. a3 bxc5 11. bxc5 e5 12. dxe5 Ng4 13. Bf4 Bxc5 14. Nd1 Qe7
15. Bd3 Ngxe5 16. Nxe5 Nxe5 17. O-O Nxd3 18. Qxd3 Qf6 19. Qg3 Ba6 20. Re1 Qxa1
21. Be5 Bxf2+ 22. Qxf2 Qb1 23. Nc3 Qb7 24. Rb1 Qe7 25. Bd4 Bc4 26. Bc5 Qg5 27.
Bxf8 Rxf8 1/2-1/2

[Event "Deutsche Ländermeisterschaft 2016"]
[Site "Hannover GER"]
[Date "2016.10.03"]
[Round "5"]
[White "Poetsch, Leonore"]
[Black "Bui, Ngoc Han Julia"]
[Result "1-0"]
[Termination "normal"]
[Board "1.7"]
[WhiteElo "1801"]
[BlackElo "1768"]
[WhiteClock "00:59:27"]
[BlackClock "00:26:33"]
[WhiteTeam "Hessen"]
[BlackTeam "Sachsen"]
[PlyCount "75"]
[WhiteFideId "12940372"]
[BlackFideId "12977055"]
[EventCountry "GER"]
[EventRounds "7"]
[EventType "team-swiss"]
[EventDate "2016.09.30"]

1. e4 e6 2. d4 d5 3. Nd2 Nf6 4. e5 Nfd7 5. Bd3 c5 6. c3 Nc6 7. Ne2 cxd4 8. cxd4
f6 9. exf6 Nxf6 10. Nf3 Bd6 11. Bf4 Bxf4 12. Nxf4 Qa5+ 13. Qd2 Qxd2+ 14. Kxd2
O-O 15. Ne2 Ng4 16. Rhf1 e5 17. dxe5 Ncxe5 18. Nxe5 Nxe5 19. Nd4 Nxd3 20. Kxd3
b6 21. b4 Bd7 22. Rac1 Rac8 23. f3 a6 24. Rfe1 Kf7 25. h4 Rxc1 26. Rxc1 Rc8 27.
Re1 Re8 28. Rxe8 Kxe8 29. Ne2 Bb5+ 30. Ke3 a5 31. Nc3 Bc4 32. bxa5 bxa5 33. Kd4
Kf7 34. Ke5 a4 35. a3 Kg6 36. Nxd5 Kh5 37. g3 g5 38. Nf6+ 1-0

[Event "Deutsche Ländermeisterschaft 2016"]
[Site "Hannover GER"]
[Date "2016.10.03"]
[Round "5"]
[White "Peglau, Mirjam"]
[Black "Bayer, Melissa"]
[Result "0-1"]
[Termination "normal"]
[Board "1.8"]
[WhiteElo "1534"]
[BlackElo "1518"]
[WhiteClock "01:02:20"]
[BlackClock "01:05:00"]
[WhiteTeam "Sachsen"]
[BlackTeam "Hessen"]
[PlyCount "36"]
[WhiteFideId "16211138"]
[BlackFideId "16206916"]
[EventCountry "GER"]
[EventRounds "7"]
[EventType "team-swiss"]
[EventDate "2016.09.30"]

1. e4 e5 2. Nf3 Nc6 3. Bc4 Bc5 4. O-O d6 5. h3 h6 6. d3 Qf6 7. Be3 Nge7 8. Bxc5
dxc5 9. Nc3 O-O 10. Nb5 Qg6 11. Kh1 Qh5 12. Kg1 Ng6 13. Nxc7 Rb8 14. Nb5 Nf4
15. Nh2 Qg5 16. Qf3 a6 17. Nd6 Nd4 18. Qd1 Qxg2# 0-1

[Event "Deutsche Ländermeisterschaft 2016"]
[Site "Hannover GER"]
[Date "2016.10.03"]
[Round "5"]
[White "Ott, Florian"]
[Black "Bauer, Andreas"]
[Result "1-0"]
[Termination "normal"]
[Board "2.1"]
[WhiteTitle "FM"]
[WhiteElo "2299"]
[BlackElo "2239"]
[WhiteClock "00:09:44"]
[BlackClock "00:07:32"]
[WhiteTeam "Bayern"]
[BlackTeam "Baden 1"]
[PlyCount "105"]
[WhiteFideId "12900281"]
[BlackFideId "4625030"]
[EventCountry "GER"]
[EventRounds "7"]
[EventType "team-swiss"]
[EventDate "2016.09.30"]

1. d4 d5 2. c4 e6 3. Nc3 Be7 4. cxd5 exd5 5. Bf4 c6 6. e3 Bf5 7. g4 Be6 8. Bd3
Nd7 9. h3 Nb6 10. Nf3 Bd6 11. Bxd6 Qxd6 12. Kf1 Ne7 13. Kg2 h5 14. Ng5 O-O-O
15. Qf3 f6 16. Nxe6 Qxe6 17. b4 hxg4 18. hxg4 Qd6 19. a3 Kb8 20. Qg3 Nc4 21. a4
Qxg3+ 22. Kxg3 b6 23. Ne2 a5 24. Rxh8 Rxh8 25. Bxc4 dxc4 26. bxa5 bxa5 27. Rc1
Kc7 28. Rxc4 Rh1 29. Rc5 Kb6 30. Nc1 Nc8 31. Kg2 Rh4 32. f3 Nd6 33. Nb3 Nb7 34.
Rc1 Rh8 35. Nd2 Nd6 36. e4 g5 37. e5 fxe5 38. dxe5 Re8 39. Rb1+ Ka6 40. Re1 Nb7
41. Nc4 Nc5 42. Kg3 Re7 43. Rb1 Nxa4 44. Rb8 Nc3 45. Rb6+ Ka7 46. Rxc6 a4 47.
Nd6 Ne2+ 48. Kf2 Rxe5 49. Rc4 Nf4 50. Rxa4+ Kb8 51. Nf7 Nd3+ 52. Kg3 Rd5 53.
Ra6 1-0

[Event "Deutsche Ländermeisterschaft 2016"]
[Site "Hannover GER"]
[Date "2016.10.03"]
[Round "5"]
[White "Gschnitzer, Adrian"]
[Black "Oberhofer, Cédric"]
[Result "1/2-1/2"]
[Termination "normal"]
[Board "2.2"]
[WhiteElo "2232"]
[BlackElo "2208"]
[WhiteClock "00:21:11"]
[BlackClock "00:29:48"]
[WhiteTeam "Baden 1"]
[BlackTeam "Bayern"]
[PlyCount "85"]
[WhiteFideId "1270337"]
[BlackFideId "12941220"]
[EventCountry "GER"]
[EventRounds "7"]
[EventType "team-swiss"]
[EventDate "2016.09.30"]

1. e4 c5 2. Nf3 d6 3. d4 cxd4 4. Nxd4 Nf6 5. Nc3 a6 6. Bc4 e6 7. O-O b5 8. Bb3
Be7 9. Qf3 Qb6 10. Be3 Qb7 11. Qg3 O-O 12. Bh6 Ne8 13. Rad1 Nc6 14. Nxc6 Qxc6
15. Rfe1 Bb7 16. f4 b4 17. Na4 Kh8 18. Bg5 Nf6 19. f5 e5 20. Bxf6 Bxf6 21. Qf2
Rab8 22. Nb6 Bd8 23. Nc4 Be7 24. f6 gxf6 25. Rxd6 Qc7 26. Rxf6 Bc5 27. Ne3 Bxe4
28. Kh1 Qb7 29. Rxf7 Rxf7 30. Qxf7 Qxf7 31. Bxf7 Rf8 32. Bc4 a5 33. Ng4 Bxc2
34. Rxe5 Bd4 35. Rxa5 Bxb2 36. h3 Be4 37. Bd5 Bxd5 38. Rxd5 Ra8 39. Rb5 Bc3 40.
Ne5 Rxa2 41. Nd3 Ra1+ 42. Kh2 Rb1 43. Kg3 1/2-1/2

[Event "Deutsche Ländermeisterschaft 2016"]
[Site "Hannover GER"]
[Date "2016.10.03"]
[Round "5"]
[White "Tong, Kevin"]
[Black "Wiesner, Paula"]
[Result "1/2-1/2"]
[Termination "normal"]
[Board "2.5"]
[WhiteElo "2049"]
[BlackElo "2116"]
[WhiteClock "00:29:04"]
[BlackClock "00:49:32"]
[WhiteTeam "Bayern"]
[BlackTeam "Baden 1"]
[PlyCount "58"]
[WhiteFideId "12913944"]
[BlackFideId "24654019"]
[EventCountry "GER"]
[EventRounds "7"]
[EventType "team-swiss"]
[EventDate "2016.09.30"]

1. e4 e6 2. d4 d5 3. Nc3 Nc6 4. Nf3 Nf6 5. exd5 exd5 6. h3 Be7 7. Bd3 O-O 8.
O-O Nb4 9. Bf4 c5 10. a3 Nxd3 11. Qxd3 c4 12. Qd2 Bf5 13. Rfe1 Ne4 14. Nxe4
Bxe4 15. Re3 Qb6 16. c3 Bf6 17. Ne5 Bxe5 18. Bxe5 Rfe8 19. Rae1 Re6 20. f3 Bd3
21. Bf4 Rae8 22. Rxe6 Rxe6 23. Rxe6 Qxe6 24. Qe3 Qxe3+ 25. Bxe3 Kf8 26. Kf2 Ke7
27. Bf4 Ke6 28. Ke3 Bf1 29. Kf2 Bd3 1/2-1/2

[Event "Deutsche Ländermeisterschaft 2016"]
[Site "Hannover GER"]
[Date "2016.10.03"]
[Round "5"]
[White "Braun, Kristin"]
[Black "Dobrikov, Marco"]
[Result "0-1"]
[Termination "normal"]
[Board "2.7"]
[WhiteElo "1853"]
[BlackElo "1926"]
[WhiteClock "00:24:28"]
[BlackClock "00:34:47"]
[WhiteTeam "Bayern"]
[BlackTeam "Baden 1"]
[PlyCount "76"]
[WhiteFideId "24656534"]
[BlackFideId "12950378"]
[EventCountry "GER"]
[EventRounds "7"]
[EventType "team-swiss"]
[EventDate "2016.09.30"]

1. g3 c5 2. Bg2 Nc6 3. d3 g6 4. Nc3 Bg7 5. f4 e6 6. e4 d6 7. Nf3 Nge7 8. O-O
O-O 9. Be3 a6 10. a4 Rb8 11. Rb1 Qa5 12. d4 cxd4 13. Nxd4 Rd8 14. Qd2 d5 15.
Nxc6 Nxc6 16. exd5 Ne7 17. Bd4 Nxd5 18. Bxg7 Nf6 19. Qe3 Kxg7 20. Rfd1 Ng4 21.
Qa7 Ra8 22. b4 Rxd1+ 23. Rxd1 Qh5 24. Qd4+ e5 25. fxe5 Qxh2+ 26. Kf1 Qxg3 27.
e6+ f6 28. Rd3 Qh4 29. Qc5 Bxe6 30. Bxb7 Re8 31. Bc6 Rc8 32. Qa7+ Kh6 33. Bf3
Bc4 34. Bxg4 Bxd3+ 35. cxd3 Qxg4 36. Qe3+ g5 37. Ne4 Rc2 38. Nf2 Qxb4 0-1

[Event "Deutsche Ländermeisterschaft 2016"]
[Site "Hannover GER"]
[Date "2016.10.03"]
[Round "5"]
[White "Basovskiy, Jana"]
[Black "Khamenya, Vitalia"]
[Result "1/2-1/2"]
[Termination "normal"]
[Board "2.8"]
[WhiteElo "1435"]
[BlackElo "1636"]
[WhiteClock "00:24:25"]
[BlackClock "00:55:40"]
[WhiteTeam "Baden 1"]
[BlackTeam "Bayern"]
[PlyCount "125"]
[WhiteFideId "16208617"]
[BlackFideId "12959260"]
[EventCountry "GER"]
[EventRounds "7"]
[EventType "team-swiss"]
[EventDate "2016.09.30"]

1. e4 d5 2. exd5 Qxd5 3. Nc3 Qd6 4. d4 a6 5. Nf3 Nf6 6. h3 e6 7. Bd3 b5 8. a3
Bb7 9. Be3 Be7 10. O-O O-O 11. Re1 Nbd7 12. Nd2 c5 13. dxc5 Nxc5 14. Bxc5 Qxc5
15. Nde4 Qc6 16. Nxf6+ Bxf6 17. Be4 Qb6 18. Bxb7 Qxb7 19. Re3 Rad8 20. Qe2 Qc6
21. Rb1 Bd4 22. Rg3 f5 23. Re1 e5 24. Nd1 e4 25. Rb3 Rd5 26. Ne3 Re5 27. Rd1
Bb6 28. Rc3 Rc5 29. Rxc5 Bxc5 30. b4 Bxe3 31. fxe3 Rc8 32. Rd2 Qc3 33. Rd5 g6
34. Qd2 Qxd2 35. Rxd2 Rc3 36. Kf2 Rxa3 37. Rd6 Ra2 38. Rc6 Kg7 39. Kg3 Kh6 40.
Kf4 Rb2 41. Rxa6 Rxb4 42. Rb6 Rb2 43. g4 Rxc2 44. Rxb5 Rf2+ 45. Ke5 Kg5 46. Rb7
h5 47. gxf5 gxf5 48. Rf7 Kh4 49. Rh7 Rf3 50. Rh8 Rxh3 51. Kxf5 Rxe3 52. Kf4 Re1
53. Rh7 e3 54. Kf3 e2 55. Kf2 Rf1+ 56. Kxe2 Rf5 57. Rg7 Kh3 58. Rg1 Kh2 59. Rf1
Re5+ 60. Kf3 Rf5+ 61. Ke2 Rg5 62. Rf2+ Rg2 63. Kf1 1/2-1/2

[Event "Deutsche Ländermeisterschaft 2016"]
[Site "Hannover GER"]
[Date "2016.10.03"]
[Round "5"]
[White "Grigorian, Spartak"]
[Black "Krause, Benedict"]
[Result "0-1"]
[Termination "normal"]
[Board "3.1"]
[BlackTitle "FM"]
[WhiteElo "2293"]
[BlackElo "2389"]
[WhiteClock "00:08:14"]
[BlackClock "00:13:13"]
[WhiteTeam "Bremen & Friends"]
[BlackTeam "Schleswig-Holstein"]
[PlyCount "81"]
[WhiteFideId "24661490"]
[BlackFideId "12917990"]
[EventCountry "GER"]
[EventRounds "7"]
[EventType "team-swiss"]
[EventDate "2016.09.30"]

1. b3 e5 2. Bb2 Nc6 3. e3 Nf6 4. Bb5 Bd6 5. Ne2 Ne7 6. d4 e4 7. Ng3 c6 8. Be2
Bc7 9. c4 d5 10. Nc3 a6 11. a4 Be6 12. Ba3 O-O 13. Qc2 Re8 14. Bb4 Ng6 15.
O-O-O Ng4 16. Rdf1 Nh4 17. Nd1 Nxg2 18. Rfg1 Nh4 19. Nh5 Qg5 20. h3 Qxh5 21.
hxg4 Qg5 22. Rh3 h6 23. Kb2 Rac8 24. Be1 Nf3 25. Bxf3 exf3 26. Rh5 Qg6 27. cxd5
cxd5 28. Qxg6 fxg6 29. Rhh1 Bd6 30. Nc3 Rc7 31. Bd2 Rec8 32. g5 Bb4 33. Rc1
hxg5 34. Nb1 Rxc1 35. Rxc1 Rxc1 36. Kxc1 Bd6 37. Be1 Kh7 38. Nd2 g4 39. Nf1 Kh6
40. Ba5 Kh5 41. Bd8 0-1

[Event "Deutsche Ländermeisterschaft 2016"]
[Site "Hannover GER"]
[Date "2016.10.03"]
[Round "5"]
[White "Beeck, Mats"]
[Black "Kardoeus, David"]
[Result "1/2-1/2"]
[Termination "normal"]
[Board "3.2"]
[WhiteElo "2176"]
[BlackElo "2168"]
[WhiteClock "00:45:35"]
[BlackClock "00:24:12"]
[WhiteTeam "Schleswig-Holstein"]
[BlackTeam "Bremen & Friends"]
[PlyCount "55"]
[WhiteFideId "12936944"]
[BlackFideId "12912050"]
[EventCountry "GER"]
[EventRounds "7"]
[EventType "team-swiss"]
[EventDate "2016.09.30"]

1. e4 e5 2. f4 d5 3. exd5 exf4 4. Nf3 Nf6 5. c4 Bd6 6. Be2 c6 7. dxc6 Nxc6 8.
d4 O-O 9. O-O Bg4 10. d5 Bxf3 11. Bxf3 Qb6+ 12. Kh1 Nd4 13. Nc3 Nxf3 14. Qxf3
Rac8 15. b3 Be5 16. Bxf4 Bxc3 17. Qxc3 Nxd5 18. Qf3 Nxf4 19. Qxf4 Rcd8 20. Rad1
Rxd1 21. Rxd1 Rd8 22. Rxd8+ Qxd8 23. h3 Kf8 24. Qe4 Qd1+ 25. Kh2 Qd6+ 26. Kh1
Qd1+ 27. Kh2 Qd6+ 28. Kh1 1/2-1/2

[Event "Deutsche Ländermeisterschaft 2016"]
[Site "Hannover GER"]
[Date "2016.10.03"]
[Round "5"]
[White "Wachinger, Nikolas"]
[Black "Kololli, Martin"]
[Result "1/2-1/2"]
[Termination "normal"]
[Board "3.3"]
[WhiteElo "1646"]
[BlackElo "2202"]
[WhiteClock "00:58:58"]
[BlackClock "00:16:41"]
[WhiteTeam "Bremen & Friends"]
[BlackTeam "Schleswig-Holstein"]
[PlyCount "112"]
[WhiteFideId "12962791"]
[BlackFideId "12936910"]
[EventCountry "GER"]
[EventRounds "7"]
[EventType "team-swiss"]
[EventDate "2016.09.30"]

1. e4 e5 2. Nf3 Nc6 3. Bb5 a6 4. Bxc6 dxc6 5. O-O Qf6 6. d4 exd4 7. Bg5 Qd6 8.
Nxd4 Be7 9. Be3 Nf6 10. f3 c5 11. Nb3 Qxd1 12. Rxd1 b6 13. Nc3 Bd6 14. a4 Bb7
15. Ne2 O-O-O 16. Nd2 Rhe8 17. Nc4 Bf8 18. Rxd8+ Rxd8 19. Ne5 Re8 20. Bf4 Re7
21. Ng3 Nd7 22. Nc4 g6 23. Rd1 Bg7 24. c3 Bc6 25. Ne3 Be5 26. Bxe5 Nxe5 27. b3
c4 28. Nxc4 Nxc4 29. bxc4 Bxa4 30. Ra1 Bb3 31. Rxa6 Kb7 32. Ra1 Bxc4 33. Nf1
Rd7 34. Ne3 Be6 35. Rd1 Rxd1+ 36. Nxd1 Kc6 37. Kf2 Kc5 38. Nb2 b5 39. Ke3 Bc4
40. f4 b4 41. Kd2 Bf1 42. g3 Kb5 43. Kc2 c5 44. Kd2 c4 45. Kc2 Bg2 46. e5 b3+
47. Kd2 Kc5 48. Ke3 Kd5 49. Kf2 Bh3 50. Ke3 Bd7 51. Kf3 Be6 52. Ke3 g5 53. Na4
h5 54. Nb6+ Kc6 55. Na4 Kd5 56. Nb6+ Kc6 1/2-1/2

[Event "Deutsche Ländermeisterschaft 2016"]
[Site "Hannover GER"]
[Date "2016.10.03"]
[Round "5"]
[White "Svane, Frederik"]
[Black "Silber, Kevin"]
[Result "1-0"]
[Termination "normal"]
[Board "3.4"]
[WhiteElo "2082"]
[BlackElo "1922"]
[WhiteClock "01:17:17"]
[BlackClock "00:02:52"]
[WhiteTeam "Schleswig-Holstein"]
[BlackTeam "Bremen & Friends"]
[PlyCount "69"]
[WhiteFideId "12923044"]
[BlackFideId "12930440"]
[EventCountry "GER"]
[EventRounds "7"]
[EventType "team-swiss"]
[EventDate "2016.09.30"]

1. e4 e5 2. Nf3 Nc6 3. Bb5 a6 4. Bxc6 dxc6 5. O-O Bg4 6. h3 h5 7. c3 Qf6 8. d4
Bxf3 9. Qxf3 exd4 10. cxd4 O-O-O 11. Be3 Qxf3 12. gxf3 f5 13. Nc3 f4 14. Bxf4
Rxd4 15. Rad1 Rxd1 16. Rxd1 Bc5 17. Be5 Ne7 18. Kf1 Rf8 19. Ke2 Ng6 20. Bh2
Nf4+ 21. Bxf4 Rxf4 22. Rg1 Bd4 23. Nd1 Kd7 24. Ne3 Rf7 25. b3 Bf6 26. f4 Bd4
27. f5 c5 28. Rg5 h4 29. Rg4 Bf6 30. f4 Kc6 31. e5 Bd8 32. e6 Re7 33. Kd3 b5
34. Ke4 Kd6 35. Nd5 1-0

[Event "Deutsche Ländermeisterschaft 2016"]
[Site "Hannover GER"]
[Date "2016.10.03"]
[Round "5"]
[White "Colbow, Collin"]
[Black "Kopylov, Daniel"]
[Result "1-0"]
[Termination "normal"]
[Board "3.5"]
[WhiteElo "1909"]
[BlackElo "2028"]
[WhiteClock "00:03:53"]
[BlackClock "00:13:50"]
[WhiteTeam "Bremen & Friends"]
[BlackTeam "Schleswig-Holstein"]
[PlyCount "105"]
[WhiteFideId "16201132"]
[BlackFideId "12921971"]
[EventCountry "GER"]
[EventRounds "7"]
[EventType "team-swiss"]
[EventDate "2016.09.30"]

1. e4 c5 2. Nf3 d6 3. d4 cxd4 4. Nxd4 Nf6 5. Nc3 Nc6 6. f3 e5 7. Nb3 Be6 8. Be3
Be7 9. Qd2 a5 10. Bb5 O-O 11. Rd1 Na7 12. Be2 Nc8 13. Nd5 a4 14. Nc1 Nxd5 15.
exd5 Bd7 16. O-O f5 17. f4 e4 18. c4 b5 19. b3 Bf6 20. c5 dxc5 21. Bxc5 Re8 22.
Kh1 Nb6 23. Qe3 Rb8 24. Bd6 Rc8 25. Bc5 Rb8 26. Bd6 Rb7 27. Bc5 Qc7 28. d6 Qc6
29. bxa4 bxa4 30. a3 Be6 31. Bd4 Nd5 32. Qg1 Rd8 33. Be5 Bxe5 34. fxe5 f4 35.
Rd2 Rf8 36. Na2 Ne3 37. Rc1 Qe8 38. Nb4 Rbf7 39. Rd4 Qa8 40. Nc6 Kh8 41. Bb5
Rb7 42. Rb4 Bb3 43. Nd4 Rxb5 44. Rxb5 Bc4 45. Rb4 Bd3 46. Ne6 Rf7 47. Nxf4 Rxf4
48. Qxe3 Rf8 49. e6 Qe8 50. e7 Rf6 51. d7 Qxe7 52. Rb8+ Rf8 53. Rcc8 1-0

[Event "Deutsche Ländermeisterschaft 2016"]
[Site "Hannover GER"]
[Date "2016.10.03"]
[Round "5"]
[White "Köhler, Inken"]
[Black "Silber, Stefanie"]
[Result "1/2-1/2"]
[Termination "normal"]
[Board "3.6"]
[WhiteElo "2009"]
[BlackElo "1651"]
[WhiteClock "00:50:55"]
[BlackClock "00:29:54"]
[WhiteTeam "Schleswig-Holstein"]
[BlackTeam "Bremen & Friends"]
[PlyCount "97"]
[WhiteFideId "12929301"]
[BlackFideId "12918245"]
[EventCountry "GER"]
[EventRounds "7"]
[EventType "team-swiss"]
[EventDate "2016.09.30"]

1. e4 c6 2. Nc3 d5 3. Nf3 dxe4 4. Nxe4 Bg4 5. h3 Bh5 6. Ng3 Bxf3 7. Qxf3 Nf6 8.
Bc4 e6 9. O-O Bd6 10. c3 O-O 11. d4 Nbd7 12. Re1 Qc7 13. Ne4 Nxe4 14. Rxe4 Nf6
15. Rh4 c5 16. dxc5 Bxc5 17. Bd3 Qe5 18. Bf4 Qd5 19. Qxd5 exd5 20. Be5 g5 21.
Rh6 Ne4 22. Bxe4 dxe4 23. Bd6 Bxd6 24. Rxd6 Rad8 25. Rad1 Rxd6 26. Rxd6 f5 27.
Kf1 Kg7 28. Ke2 Rf6 29. Rd7+ Rf7 30. Rxf7+ Kxf7 31. Ke3 Ke6 32. Kd4 Kd6 33. c4
h5 34. c5+ Ke6 35. b4 a6 36. a4 h4 37. b5 axb5 38. axb5 g4 39. c6 bxc6 40. bxc6
Kd6 41. c7 Kxc7 42. hxg4 fxg4 43. Kxe4 h3 44. gxh3 gxh3 45. Kf3 Kd6 46. Kg3 Ke5
47. Kxh3 Kf4 48. Kg2 Kg4 49. f3+ 1/2-1/2

[Event "Deutsche Ländermeisterschaft 2016"]
[Site "Hannover GER"]
[Date "2016.10.03"]
[Round "5"]
[White "Caliebe, Nanke"]
[Black "Rosmait, Emily"]
[Result "0-1"]
[Termination "normal"]
[Board "3.7"]
[WhiteElo "1478"]
[BlackElo "1940"]
[WhiteClock "00:27:29"]
[BlackClock "00:59:42"]
[WhiteTeam "Bremen & Friends"]
[BlackTeam "Schleswig-Holstein"]
[PlyCount "74"]
[WhiteFideId "12980528"]
[BlackFideId "12937754"]
[EventCountry "GER"]
[EventRounds "7"]
[EventType "team-swiss"]
[EventDate "2016.09.30"]

1. d4 Nf6 2. Nf3 e6 3. Bf4 b6 4. h3 Bb7 5. e3 Be7 6. Bd3 Ne4 7. O-O f5 8. c4
O-O 9. Nbd2 Nxd2 10. Nxd2 d6 11. Qc2 Nd7 12. Bh2 Qe8 13. d5 Nc5 14. dxe6 Nxd3
15. Qxd3 Bf6 16. Rab1 Qxe6 17. Nb3 Be4 18. Qd2 Bxb1 19. Rxb1 Qxc4 20. Rc1 Qf7
21. Qc2 Rac8 22. Bxd6 Rfd8 23. Qxf5 Bxb2 24. Qxf7+ Kxf7 25. Rxc7+ Rxc7 26. Bxc7
Rd7 27. Bf4 a5 28. Kf1 a4 29. Nd4 Bxd4 30. exd4 Rxd4 31. Be3 Rb4 32. a3 Rb3 33.
Ke1 Rxa3 34. Bxb6 Rb3 35. Bd4 a3 36. Kd2 a2 37. Kc2 Rb1 0-1

[Event "Deutsche Ländermeisterschaft 2016"]
[Site "Hannover GER"]
[Date "2016.10.03"]
[Round "5"]
[White "Glinzner, Alva"]
[Black "Bildat, Emilia"]
[Result "1-0"]
[Termination "normal"]
[Board "3.8"]
[WhiteElo "1513"]
[BlackElo "1144"]
[WhiteClock "01:09:06"]
[BlackClock "01:10:19"]
[WhiteTeam "Schleswig-Holstein"]
[BlackTeam "Bremen & Friends"]
[PlyCount "41"]
[WhiteFideId "16206169"]
[BlackFideId "16218140"]
[EventCountry "GER"]
[EventRounds "7"]
[EventType "team-swiss"]
[EventDate "2016.09.30"]

1. e4 e5 2. Nf3 Nc6 3. Bb5 d6 4. d4 exd4 5. Nxd4 Bd7 6. Nc3 Be7 7. O-O Nf6 8.
Re1 O-O 9. h3 h6 10. Bxc6 bxc6 11. b3 Re8 12. Bb2 d5 13. Qf3 Bc5 14. Nf5 Be6
15. Rad1 Qc8 16. Nxh6+ Kh7 17. Nf5 dxe4 18. Nxe4 Nxe4 19. Rxe4 Bd5 20. Bxg7 Kg8
21. Qh5 1-0